| 000 | 00517 a2200181 4500 | ||
|---|---|---|---|
| 003 | OSt | ||
| 005 | 20231103133357.0 | ||
| 008 | 231103b |||||||| |||| 00| 0 eng d | ||
| 020 | _a 9789382934837 | ||
| 040 | _coclc | ||
| 082 |
_a894.8125 _bKAM/C |
||
| 100 |
_aKamaludheen, S _98025 |
||
| 245 |
_aC H Inte Prabhashanangal / _cS Kamaludheen |
||
| 250 | _a3rd ed. | ||
| 260 |
_aKerala: _bOlive publication, _c2019. |
||
| 300 | _a122p | ||
| 942 |
_2ddc _cBK _h894.8125 _iKAM/C _k894.8125 _mKAM/C |
||
| 999 |
_c42786 _d42786 |
||